00337nam a2200121Ia 4500008004100000041000800041082001500049100002200064245004500086260004400131300003100175365000900206240624s9999 xx 000 0 und d aeng a332.04 CUM aCUMMING DOUGLAS J aVENTURE CAPITAL AND PRIVATE EQUITY CONTR c2009aNew YorkbElsevier Academic Press axiv, : 770 : p. : cm. ; 23 cb26